| 000 | 02151nam a2200313 a 4500 | ||
|---|---|---|---|
| 001 | 77787 | ||
| 003 | BD-RjUL | ||
| 005 | 20211209083026.0 | ||
| 008 | 210112s2007 bg ||||| m||| 00| 0 ben d | ||
| 035 | _a(BD-RjUL)78013 | ||
| 040 |
_aBD-RjUL _bben /eng _cBD-RjUL _dBD-RjUL |
||
| 041 | _aben | ||
| 082 |
_a328.5492 _bAKB 2007 _223 |
||
| 100 |
_aআখতার, শিরীন _9243519 |
||
| 245 | 1 | 0 |
_aবাংলাদেশে সংসদীয় ব্যবস্থায় বিরোধী দলের ভূমিকা (১৯৭৩-১৯৯৫) : _bএকটি পর্যালোচনা / _cশিরীন আখতার ; _6প্রিন্সিপাল সুপারভাইজার : মো. আনসার উদ্দীন ; কো-সুপারভাইজার: মো. রুহুল আমিন |
| 260 |
_aরাজশাহী : _bরাষ্ট্রবিজ্ঞান বিভাগ, রাজশাহী বিশ্ববিদ্যালয়, _c২০০৭ |
||
| 300 |
_axx, ২৪০ পাতা ; _c২৯ সেমি. |
||
| 502 | _aথিসিস (পিএইচ. ডি) -- রাষ্ট্রবিজ্ঞান বিভাগ, রাজশাহী বিশ্ববিদ্যালয়, ২০০৭ | ||
| 504 | _aগ্রন্থপঞ্জী : পাতা [২২১]-২৪০ | ||
| 650 |
_aবিরোধী (রাষ্ট্রবিজ্ঞান) _zবাংলাদেশ _9243540 |
||
| 650 |
_aOpposition (Political science) _zBangladesh _9243541 |
||
| 650 |
_aরাজনৈতিক দল _zবাংলাদেশ _9243542 |
||
| 650 |
_aPolitical parties _zBangladesh. _9243543 |
||
| 651 |
_aবাংলাদেশ _xরাজনীতি এবং সরকার _y১৯৭৩-১৯৯৫ _9243520 |
||
| 651 |
_2Bangladesh _aPolitics and government _v1973-1995 _9243521 |
||
| 700 |
_aউদ্দীন, মো. আনসার, প্রিন্সিপাল সুপারভাইজার _9243522 |
||
| 700 |
_aআমিন, মো. রুল্হল, কো-সুপারভাইজার _9243523 |
||
| 942 |
_2ddc _cTHE |
||
| 999 |
_c77787 _d77787 |
||